[Event "Manila ol (Women)"]
[Site "Manila"]
[Date "1992.??.??"]
[Round "?"]
[White "Bellin, Jana"]
[Black "Csonkics, Tunde"]
[Result "1/2-1/2"]
[WhiteElo "2240"]
[BlackElo "2345"]

1.d4 Nf6 2.Nf3 e6 3.c4 b6 4.g3 Ba6 5.Nbd2 Bb7 6.Bg2 Be7 7.Qc2 d5 8.cxd5 exd5
9.O-O O-O 10.b3 Na6 11.Bb2 c5 12.Rac1 Rc8 13.Qb1 Nc7 14.dxc5 Bxc5 15.Rfd1 Qe7
16.e3 Ne6 17.Qd3 Ne4 18.Nd4 Nxd4 19.Bxd4 Ba3 20.Rxc8 Rxc8 21.Bh3 Re8 22.Nb1 Bd6
23.Nc3 Qg5 24.Qb5 Re7 25.Nxe4 Rxe4 26.Qd7 Qe7 27.Qxe7 Rxe7 28.Rc1 Rc7 29.Rxc7 Bxc7
30.Bg2 Kf8 31.Kf1 f6 32.Ke2 Ke7 33.f4 Bd6 34.Kd3 g6 35.Kc3 Bc7 36.b4 a6 37.Bf3 Ke6
38.g4 Bd8 39.Kd3 Bc6 40.Kc3 Bb7 41.Be2 Kd6 42.Bd3 Bc8 43.Be2 Kc6 44.Bd1 Kd6
45.Kd3 Bd7 46.a4 Bc6 47.Bb2 Bd7 48.Ba3 b5 49.a5 Be7 50.Bb2 Kc6 51.Bc3 f5
52.h3 Bf8 53.Bf3 Be6 54.Be1 Bg7 55.Bc3 Bf8 56.g5 Bf7 57.h4 Be7 58.Be1 Bf8
59.Bg2  1/2-1/2

[Event "Manila ol (Women)"]
[Site "Manila"]
[Date "1992.??.??"]
[Round "?"]
[White "Akhmilovskaya, Elena"]
[Black "Litinskaya, Marta I"]
[Result "0-1"]
[WhiteElo "2405"]
[BlackElo "2370"]

1.d4 Nf6 2.c4 e6 3.Nf3 b6 4.g3 Ba6 5.Nbd2 Bb7 6.Bg2 c5 7.O-O cxd4 8.Nxd4 Bxg2
9.Kxg2 Qc7 10.b3 a6 11.e3 Be7 12.Bb2 O-O 13.e4 Nc6 14.N4f3 d6 15.Qe2 Qb7
16.Rac1 b5 17.Rfd1 Rfd8 18.Kg1 Ne8 19.e5 bxc4 20.Nxc4 d5 21.Ne3 Rdc8 22.h4 a5
23.Rc2 Nc7 24.Rdc1 Nb4 25.Rd2 Nxa2 26.Ra1 Nb4 27.Ng4 Nb5 28.Nf6+ gxf6 29.exf6 Bf8
30.Ng5 h6 31.Nxe6 fxe6 32.Qg4+ Kh7 33.Qxe6 Nd6  0-1

[Event "Manila ol (Men)"]
[Site "Manila"]
[Date "1992.??.??"]
[Round "?"]
[White "Zueger, Beat"]
[Black "Arnason, Jon L"]
[Result "1/2-1/2"]
[WhiteElo "2420"]
[BlackElo "2515"]

1.d4 Nf6 2.c4 e6 3.Nf3 b6 4.g3 Ba6 5.b3 Bb7 6.Bg2 Bb4+ 7.Bd2 a5 8.Nc3 O-O
9.O-O d6 10.Qc2 Nbd7 11.Bg5 h6 12.Bxf6 Nxf6 13.Na4 Ba3 14.Nd2 Bxg2 15.Kxg2 d5
16.c5 b5 17.Nc3 c6 18.Nf3  1/2-1/2

[Event "Manila ol (Men)"]
[Site "Manila"]
[Date "1992.??.??"]
[Round "?"]
[White "Mascarinas, Rico"]
[Black "Rivas Pastor, Manuel"]
[Result "1/2-1/2"]
[WhiteElo "2450"]
[BlackElo "2520"]

1.d4 Nf6 2.c4 e6 3.Nf3 b6 4.g3 Ba6 5.Nbd2 b5 6.Bg2 bxc4 7.Qa4 Nd5 8.Nxc4 Bb4+
9.Ncd2 O-O 10.a3 Bxd2+ 11.Bxd2 f5 12.Ne5 d6 13.Nc4 Qd7 14.Qxd7 Nxd7 15.Rc1 N7f6
16.O-O Rfb8 17.b4 Bxc4 18.Rxc4 a5 19.Bxd5 Nxd5 20.bxa5 Rb2 21.Rd1 g5 22.Kf1 g4
23.Ke1 Kf7 24.Rdc1 Ke8 25.Bc3 Ra2 26.Bb4 Kd7 27.Kd1 Ra6 28.R4c2 Rxc2 29.Rxc2 Rc6
30.Kd2 Rxc2+ 31.Kxc2 Kc6 32.Kb3 Kb5 33.a4+ Ka6 34.Bd2 Nf6 35.Kc4 Ne4 36.Be1 Nf6
37.Bd2 Ne4 38.Be1  1/2-1/2

[Event "Manila ol (Men)"]
[Site "Manila"]
[Date "1992.??.??"]
[Round "?"]
[White "Pinter, Jozsef"]
[Black "Kurajica, Bojan"]
[Result "1/2-1/2"]
[WhiteElo "2580"]
[BlackElo "2585"]

1.d4 Nf6 2.c4 e6 3.Nf3 b6 4.g3 Ba6 5.b3 Bb7 6.Bg2 Bb4+ 7.Bd2 a5 8.O-O O-O
9.Nc3 d5 10.cxd5 exd5 11.Rc1 Na6 12.Ne5 Ba3 13.Rb1 h6 14.Qc2 Re8 15.Rbd1 c6
16.Bf4 Bd6 17.Qb2 Nc7 18.Be3 Ne6 19.f4 b5 20.Bf3 Qe7 21.Bf2 a4 22.Qc2 Rec8
23.Ng4 axb3 24.axb3 Nxg4 25.Bxg4 Re8 26.Bf3 Bb4 27.Na2 Ba5 28.Nc1 Bb6 29.Bg4 Qa3
30.Rd2 Qa7 31.Rfd1 Ba5 32.Rd3 Nf8 33.Re3 Rxe3 34.Bxe3 Bb6 35.Bf2 Nd7 36.Bf3 Nf6
37.Kg2 Re8 38.Nd3 Ne4 39.e3 Ba8 40.Bg1 Qe7 41.Rc1 f6 42.Ra1 Bb7 43.Bh5 Rd8
44.Bf3 Qe8 45.Re1 Kh8 46.Bf2 Nd6 47.Nb4 Rc8 48.Nd3 Rc7 49.g4 Ne4 50.Bg1 f5
51.Nc5 Bxc5 52.dxc5 g5 53.Bxe4 Qxe4+ 54.Qxe4 dxe4 55.gxf5 Bc8 56.fxg5 hxg5
57.f6 Be6 58.b4 Rf7 59.Rd1 Bd5 60.Rf1 Kh7  1/2-1/2

[Event "Manila ol (Men)"]
[Site "Manila"]
[Date "1992.??.??"]
[Round "?"]
[White "Small, Vernon A"]
[Black "Grosar, Aljosa"]
[Result "0-1"]
[WhiteElo "2390"]
[BlackElo "2455"]

1.d4 Nf6 2.Nf3 e6 3.c4 b6 4.g3 Ba6 5.Nbd2 c5 6.Bg2 Bb7 7.O-O cxd4 8.Nxd4 Bxg2
9.Kxg2 Be7 10.N2f3 O-O 11.Qa4 Qc8 12.Bf4 Na6 13.Nb5 Nc5 14.Qa3 a6 15.Nbd4 Qb7
16.Bg5 d5 17.Bxf6 Bxf6 18.cxd5 Rfd8 19.Rfd1 Rxd5 20.Nc2 Rad8 21.Rxd5 Rxd5
22.Kg1 Ne4 23.Nb4 Rb5 24.Rd1 Be7 25.Nc6 Bxa3  0-1

[Event "Manila ol (Men)"]
[Site "Manila"]
[Date "1992.??.??"]
[Round "?"]
[White "Kanstler, Boris"]
[Black "Sturua, Zurab"]
[Result "1/2-1/2"]
[WhiteElo "2445"]
[BlackElo "2545"]

1.d4 Nf6 2.c4 e6 3.Nf3 b6 4.g3 Ba6 5.Qa4 Bb7 6.Bg2 c5 7.dxc5 bxc5 8.O-O Be7
9.Nc3 O-O 10.Rd1 Qb6 11.Bf4 Nc6 12.Qb5 Na5 13.b3 d5 14.Ne5 Rfd8 15.Rac1 Qxb5
16.cxb5 a6 17.Na4 axb5 18.Nxc5 Rdc8  1/2-1/2

[Event "Manila ol (Men)"]
[Site "Manila"]
[Date "1992.??.??"]
[Round "?"]
[White "Rodriguez Vargas, Orestes"]
[Black "Kurajica, Bojan"]
[Result "1-0"]
[WhiteElo "2455"]
[BlackElo "2585"]

1.d4 Nf6 2.c4 e6 3.Nf3 b6 4.g3 Ba6 5.Qc2 d5 6.cxd5 exd5 7.Bg2 Bb4+ 8.Nc3 O-O
9.O-O h6 10.Ne5 Bxc3 11.bxc3 c6 12.Rd1 Qd6 13.c4 Qe6 14.Bb2 Rc8 15.Rac1 Nbd7
16.e3 Bb7 17.Nd3 Qe8 18.Nf4 Ne4 19.Qa4 b5 20.cxb5 Nb6 21.Qb3 cxb5 22.Nd3 Rxc1
23.Rxc1 Nd2 24.Qc2 Ndc4 25.Nc5 Bc6 26.Re1 a5 27.Bc1 Ra7 28.f3 Nd7 29.Nd3 Nf6
30.Ne5 Rc7 31.Nxc4 dxc4 32.e4 Bb7 33.Rd1 b4 34.Bf4 Rc8 35.Bh3 Rd8 36.Qxc4 Nxe4
37.Re1 Qc6 38.Qxc6 Bxc6 39.fxe4 Rxd4 40.e5 g5 41.Be3 Rd3 42.e6 Ra3 43.Bc5 Rxg3+
44.hxg3  1-0

[Event "Alekhine op"]
[Site "Moscow"]
[Date "1992.??.??"]
[Round "?"]
[White "Sturua, Zurab"]
[Black "Arkhipov, Sergey"]
[Result "0-1"]
[WhiteElo "2545"]
[BlackElo "2485"]

1.d4 Nf6 2.c4 e6 3.Nf3 b6 4.g3 Ba6 5.Qa4 Bb7 6.Bg2 c5 7.dxc5 bxc5 8.O-O Be7
9.Nc3 O-O 10.Rd1 Qb6 11.Bf4 Rd8 12.Rd2 d5 13.cxd5 exd5 14.e3 Na6 15.Rad1 h6
16.h4 Rac8 17.Be5 Nb4 18.Bxf6 Bxf6 19.a3 Bc6 20.Qb3 Na6 21.Qa2 Nc7 22.Ne2 Ne6
23.Nh2 Ba4 24.Re1 Bb3 25.Qb1 Qa5 26.Qc1 g6 27.Nf4 Nxf4 28.exf4 Re8 29.Rde2 Rxe2
30.Rxe2 Bc4 31.Rd2 d4 32.Ng4 Bg7 33.Ne5 Be6 34.Re2 Qb6 35.Bf1 c4 36.Re4 d3
37.h5 gxh5 38.f5 Bxf5 39.Nxc4  0-1

[Event "Alekhine op"]
[Site "Moscow"]
[Date "1992.??.??"]
[Round "?"]
[White "Sturua, Zurab"]
[Black "Anastasian, Ashot"]
[Result "1/2-1/2"]
[WhiteElo "2545"]
[BlackElo "2490"]

1.d4 Nf6 2.Nf3 e6 3.c4 b6 4.g3 Ba6 5.b3 Bb4+ 6.Bd2 Be7 7.Bg2 c6 8.Bc3 d5
9.Nbd2 Nbd7 10.O-O O-O 11.Re1 c5 12.e4 dxe4 13.Nxe4 Nxe4 14.Rxe4 Bb7 15.Re3 Bf6
16.dxc5 Nxc5 17.Qe2 Bxc3 18.Rxc3 Bxf3 19.Bxf3 Qd4 20.Qc2 Rad8 21.Rd1 Qe5
22.Re3 Rxd1+ 23.Qxd1 Qb2 24.Re2 Qc3 25.Kg2  1/2-1/2

[Event "Alekhine op"]
[Site "Moscow"]
[Date "1992.??.??"]
[Round "?"]
[White "Anastasian, Ashot"]
[Black "Kurajica, Bojan"]
[Result "1/2-1/2"]
[WhiteElo "2490"]
[BlackElo "2590"]

1.d4 Nf6 2.Nf3 e6 3.c4 b6 4.g3 Ba6 5.Qc2 Bb7 6.Nc3 Bb4 7.Bg2 O-O 8.O-O Bxc3
9.Qxc3 d6 10.b3 Nbd7 11.Bb2 Qe7 12.Rad1 Ne4 13.Qc2 f5 14.d5 Rac8 15.Nd4 exd5
16.cxd5 Bxd5 17.f3 c5 18.Nb5 Nef6 19.e4 fxe4 20.Nxd6 Qxd6 21.fxe4 Nxe4 22.Rxf8+ Qxf8
23.Rxd5 Nef6 24.Rd2 Re8 25.h3 Qe7 26.Kh2 Ne5 27.Qf5 Qe6 28.Qf4 h6 29.Bc3 Kh8
30.Rd1 Ng6 31.Qa4 Re7 32.Rd8+ Kh7 33.Bxf6 gxf6 34.Ra8 Qd7 35.Qa6 f5 36.Qc4 Rg7
37.Qc2 Qe6 38.a4 Qe5 39.Rd8 Nh4 40.Qd3 Nxg2 41.Kxg2 Re7 42.Kf3 Qe4+ 43.Qxe4 Rxe4
44.a5 bxa5 45.Rd7+ Kg6 46.Rxa7 Rb4 47.Ra6+  1/2-1/2

[Event "Alekhine op"]
[Site "Moscow"]
[Date "1992.??.??"]
[Round "?"]
[White "Anastasian, Ashot"]
[Black "Brodsky, Michail"]
[Result "1-0"]
[WhiteElo "2490"]
[BlackElo "2540"]

1.d4 Nf6 2.c4 e6 3.Nf3 b6 4.g3 Ba6 5.Qc2 c5 6.Bg2 Nc6 7.dxc5 Bxc5 8.O-O O-O
9.Bg5 Rc8 10.Qa4 Bb7 11.Nc3 h6 12.Bf4 Qe7 13.a3 a5 14.Rad1 Rfd8 15.Ne5 Ba8
16.Nd3 Nh5 17.Bc1 Bd4 18.Nb5 Nf6 19.Bf4 Ne8 20.Rd2 Bf6 21.Rfd1 d5 22.cxd5 exd5
23.Rc2 Na7 24.Nxa7 Qxa7 25.Rdc1 Rxc2 26.Rxc2 Qe7 27.Qb5 Qe6 28.h4 g5 29.hxg5 hxg5
30.Bc1 Rb8 31.Ne1 Nd6 32.Qd3 Ne4 33.Nf3 Nc5 34.Qd1 Qf5 35.Be3 Bc6 36.Rd2 Ba4
37.Rxd5 Qxf3 38.Bxf3 Bxd1 39.Rxd1 Bxb2 40.Bxg5 Bxa3 41.Bf6 Ne6 42.Rd7 Nf8
43.Ra7 Nh7 44.Be5 Rd8 45.Bh5 f6 46.Bf7+ Kh8 47.Bc3 Rc8 48.Bd2 Bc1 49.Be6 Rd8
50.Bc3 Bh6 51.Bf5 Bg7 52.Bxh7 Kxh7 53.Bxf6 Rg8 54.Kf1  1-0

[Event "Alekhine op"]
[Site "Moscow"]
[Date "1992.??.??"]
[Round "?"]
[White "Sturua, Zurab"]
[Black "Kiselev, Sergey"]
[Result "1-0"]
[WhiteElo "2545"]
[BlackElo "2530"]

1.d4 Nf6 2.c4 e6 3.Nf3 b6 4.g3 Ba6 5.Nbd2 Bb7 6.Bg2 c5 7.e4 cxd4 8.e5 Ng4
9.O-O Qc7 10.Re1 f6 11.exf6 Nxf6 12.Nb3 Bb4 13.Re2 O-O 14.Bf4 Qxc4 15.Rc2 Qa6
16.Bf1 b5 17.Nfxd4 Nd5 18.Bxb5 Qb6 19.Bxb8 Raxb8 20.Bxd7 Rbd8 21.Bc6 e5 22.Bxb7 Qxb7
23.Nc6 Ne3 24.Qe2 Nxc2 25.Nxd8 Qc8 26.Rd1 Ne1 27.Qe4 Rxd8 28.Rxd8+ Qxd8 29.Qc4+ Kh8
30.Qxb4 Nf3+ 31.Kg2 Qa8 32.Nc5 Ne1+ 33.Kf1 Nf3 34.h4 h6 35.Qb7 Qf8 36.Ne6 Qf6  1-0

[Event "Moscow rapid"]
[Site "Moscow"]
[Date "1992.??.??"]
[Round "?"]
[White "Nikolaev, Sergej"]
[Black "Razuvaev, Yuri S"]
[Result "1/2-1/2"]
[WhiteElo "2370"]
[BlackElo "2565"]

1.d4 Nf6 2.c4 e6 3.Nf3 b6 4.g3 Ba6 5.b3 Bb7 6.Bg2 Bb4+ 7.Bd2 a5 8.O-O O-O
9.Nc3 h6 10.Qc2 Re8 11.a3 Bxc3 12.Bxc3 Be4 13.Qb2 d5 14.cxd5 Bxd5 15.Rac1 a4
16.b4 Nc6 17.Ne5 Bxg2 18.Kxg2 Qd5+ 19.Kg1 Nxe5 20.dxe5 Nd7 21.Rfd1 Qb5 22.Rd3 Rac8
23.Rcd1 Nf8 24.Qd2 c5 25.Rd6 cxb4 26.Bxb4 Qxe5 27.Rxb6 Rc4 28.Ra6 Qb5 29.Ra5 Qc6
30.Qd6 Qe4 31.Qd3 Qc6 32.Ra7 Rc2 33.Qf3 Qxf3 34.exf3 Ng6 35.f4 Ra2 36.Rxa4 Ne7
37.Rd7 Nd5 38.Raa7 Nxb4 39.Rxf7 Nd5 40.Rxg7+ Kh8 41.Rh7+ Kg8 42.Rxh6 Re2
43.Kf1 Re4 44.Kg2 Re7 45.Rxe7 Nxe7 46.Kf3 Re1 47.Rh5 Nf5  1/2-1/2

[Event "Alekhine op"]
[Site "Moscow"]
[Date "1992.??.??"]
[Round "?"]
[White "Epishin, Vladimir"]
[Black "Shneider, Aleksandr"]
[Result "1-0"]
[WhiteElo "2630"]
[BlackElo "2545"]

1.d4 Nf6 2.c4 e6 3.Nf3 b6 4.g3 Ba6 5.b3 Bb4+ 6.Bd2 Be7 7.Bc3 d5 8.Ne5 Nfd7
9.Nxd7 Nxd7 10.Bg2 c6 11.Nd2 O-O 12.O-O Rc8 13.e4 b5 14.Re1 dxe4 15.Nxe4 bxc4
16.Qe2 Rc7 17.Rad1 Qc8 18.Bf1 Rd8 19.a4 Nb6 20.Nc5 Nd5 21.Ba5 Nb6 22.Qe4 Bf6
23.bxc4 Bxc4 24.Bxc4 Nxc4 25.Bxc7 Qxc7 26.Qc2 Nd6 27.Nb3 Qb6 28.Re3 Nf5 29.Rc3 Bxd4
30.a5 Qb7 31.g4 Qe7 32.Rcd3 Qg5 33.Qe2 c5 34.Nxc5 e5 35.Kf1 Nh4 36.Nb3 h5
37.Nxd4 exd4 38.Rxd4 Rxd4 39.Rxd4 Qxa5 40.gxh5 Nf5 41.Qe8+ Kh7 42.Rd8 Qa1+
43.Kg2 Kh6 44.Qe4  1-0

[Event "Nettetal"]
[Site "Nettetal"]
[Date "1992.??.??"]
[Round "5"]
[White "Lechtynsky, Jiri"]
[Black "Schlosser, Philipp"]
[Result "1/2-1/2"]
[WhiteElo "2410"]
[BlackElo "2485"]

1.d4 Nf6 2.Nf3 e6 3.c4 b6 4.g3 Ba6 5.Nbd2 d5 6.Bg2 Be7 7.Qa4+ c6 8.cxd5 Nxd5
9.a3 O-O 10.Qd1 Nd7 11.O-O c5 12.Re1 Rc8 13.Qa4 Nb8 14.dxc5 Rxc5 15.e4 b5
16.Qd1 Nb6 17.Nb3 Rc8 18.Nbd4 Na4 19.Bf4 Qb6 20.Qd2 Rfd8 21.Rac1 b4 22.Rxc8 Rxc8
23.Be3 Qb7 24.e5 bxa3 25.bxa3 h6 26.Bxh6 Qb2 27.Be3 Qxa3 28.Rc1 Nc3 29.Bg5 Bf8
30.Re1 Nc6 31.Nxc6 Rxc6 32.Nd4 Rc4 33.Bf1 Rc8 34.Nc2 Qa5 35.Ra1 Ne2+ 36.Qxe2 Qxa1
37.Nxa1 Bxe2 38.Bxe2 a5 39.Bd1 a4 40.Nc2 a3 41.Nxa3 Bxa3 42.Kg2 Bb2 43.f4 Rc1
44.Be2 f5 45.exf6 Bxf6 46.h4 Kf7 47.Bh5+ Ke7 48.Bg6 Bxg5 49.hxg5 Kd6 50.Kf3 Rc8
51.Kg4 Kd5 52.Bb1 Rh8 53.Ba2+ Kd6 54.f5 exf5+ 55.Kxf5 Ke7 56.Bd5 Rb8 57.Be4 Rb5+
58.Kg6 Re5 59.Bf5 Kf8 60.g4 Re2 61.Bc8 Rf2 62.Bf5 Rd2 63.Kh7 Rd6 64.Bg6 Rb6
65.Bd3 Rb4 66.Bf5 Rd4 67.Kg6 Rd6+ 68.Kh7 Kf7 69.Bc2 Rc6 70.Be4 Rb6 71.Bd3 Rb2
72.Bg6+ Kf8 73.Bf5  1/2-1/2

[Event "Nettetal"]
[Site "Nettetal"]
[Date "1992.??.??"]
[Round "9"]
[White "Van der Sterren, Paul"]
[Black "Arkhipov, Sergey"]
[Result "1/2-1/2"]
[WhiteElo "2535"]
[BlackElo "2515"]

1.d4 Nf6 2.c4 e6 3.Nf3 b6 4.g3 Ba6 5.b3 Bb4+ 6.Bd2 Be7 7.Bg2 c6 8.Bc3 d5
9.Ne5 Nfd7 10.Nxd7 Nxd7 11.Nd2 O-O 12.O-O Rc8 13.e4 b5 14.Re1 dxc4 15.bxc4 bxc4
16.Qa4 Bb5 17.Qc2 Nf6 18.Rab1 Qd7 19.Ba1 c5 20.d5 exd5 21.exd5 Rb8 22.Nxc4 Nxd5
23.Ne5 Qe6 24.Nxf7 Qxf7 25.Bxd5 Qxd5 26.Rxe7 Rf7 27.Rxf7 Kxf7 28.Qc3 Rb7
29.Qxg7+ Ke8 30.Qh8+ Kd7 31.Qxh7+ Kc8 32.Qh8+ Kd7 33.Bf6 Bc6 34.Qd8+ Ke6
35.Qxd5+ Bxd5 36.Rxb7 Bxb7 37.Bg7 Kf5 38.f4 Kg4 39.Kf2 Kh3 40.f5 Kxh2 41.g4 Kh3
42.g5 Be4 43.f6 Bg6 44.Kf3 Kh4 45.Kf4 Kh5 46.Bf8 Bf7 47.a3 Kg6 48.Bxc5 a6
49.Be3  1/2-1/2

[Event "New York Marshall CC"]
[Site "New York"]
[Date "1992.??.??"]
[Round "11"]
[White "Bonin, Jay R"]
[Black "Vulicevic, Nenad"]
[Result "1-0"]
[WhiteElo "2405"]
[BlackElo "2320"]

1.d4 Nf6 2.c4 e6 3.Nf3 b6 4.g3 Ba6 5.b3 c6 6.Bg2 Bb4+ 7.Bd2 Be7 8.O-O d5
9.Bc3 Nbd7 10.Nbd2 O-O 11.Re1 Bb7 12.e4 dxe4 13.Nxe4 Nxe4 14.Rxe4 Qc7 15.Re1 Rad8
16.Qc2 Nf6 17.Rad1 h6 18.Rd2 c5 19.d5 exd5 20.Rde2 Rfe8 21.Bxf6 gxf6 22.Nh4 d4
23.Qf5 Bc8 24.Qh5 d3 25.Rd2 Bf8 26.Rxe8 Rxe8 27.Bd5 Re5 28.Qg6+ Bg7 29.Qxd3 Re1+
30.Kg2 Qd7 31.Qg6 Qh3+ 32.Kf3 Re7 33.Qh5 Bd7 34.Be4 Qxh2 35.Qd5 f5 36.Bxf5 Qh1+
37.Kg4 Bxf5+ 38.Nxf5 Qe4+ 39.Qxe4 Rxe4+ 40.f4 Bd4 41.Nxh6+ Kg7 42.Nf5+ Kf6
43.Kf3 Bc3 44.Kxe4 Bxd2 45.Nd6 Ke6 46.Nc8 f5+ 47.Kf3 Kd7 48.Nxa7  1-0

[Event "Norresundby op"]
[Site "Norresundby"]
[Date "1992.??.??"]
[Round "2"]
[White "Schandorff, Lars"]
[Black "Holmsgaard, Henrik"]
[Result "1/2-1/2"]
[WhiteElo "2435"]
[BlackElo "2290"]

1.d4 Nf6 2.c4 e6 3.Nf3 b6 4.g3 Ba6 5.Nbd2 c5 6.Bg2 Nc6 7.Qa4 Bb7 8.dxc5 Bxc5
9.O-O O-O 10.a3 Be7 11.e4 d6 12.e5 Nd7 13.exd6 Bxd6 14.Qc2 Nf6 15.b3 Qe7
16.Bb2 h6 17.Rfe1 a5 18.Ne4 Nxe4 19.Rxe4 Rad8 20.Rg4 e5 21.Nh4 Bc8 22.Nf5 Bxf5
23.Qxf5 Nd4 24.Bxd4 exd4 25.Re4 Qc7 26.Rxd4 Bxg3 27.Rxd8 Bxh2+ 28.Kh1 Rxd8
29.Bd5 Re8  1/2-1/2

[Event "Norresundby op"]
[Site "Norresundby"]
[Date "1992.??.??"]
[Round "5"]
[White "Groszpeter, Attila"]
[Black "Fries Nielsen, Jens Ove"]
[Result "1-0"]
[WhiteElo "2495"]
[BlackElo "2395"]

1.d4 Nf6 2.c4 e6 3.Nf3 b6 4.g3 Ba6 5.Qb3 Bb7 6.Bg2 Be7 7.Nc3 O-O 8.d5 c6
9.Ne5 Qc7 10.Nd3 Na6 11.O-O d6 12.Bd2 exd5 13.cxd5 c5 14.Qc4 Qd7 15.b4 Nc7
16.a4 Ba6 17.b5 Bb7 18.e4 Nfe8 19.f4 a6 20.h3 Nf6 21.Rab1 axb5 22.axb5 Ra7
23.Na4 Na8 24.g4 Qd8 25.Ra1 Nd7 26.e5 Nc7 27.Naxc5 Rxa1 28.Nxb7 Rxf1+ 29.Kxf1 Qb8
30.exd6 Nxd5 31.Qxd5 Bh4 32.Qc6 Qe8 33.Ne5 Nxe5 34.Qxe8 Rxe8 35.Bc6 Re6 36.fxe5 Rxe5
37.d7 h5 38.g5  1-0

[Event "Norresundby op"]
[Site "Norresundby"]
[Date "1992.??.??"]
[Round "6"]
[White "Schandorff, Lars"]
[Black "Fries Nielsen, Jens Ove"]
[Result "1-0"]
[WhiteElo "2435"]
[BlackElo "2395"]

1.d4 e6 2.Nf3 Nf6 3.c4 b6 4.g3 Ba6 5.Nbd2 d5 6.Bg2 Bd6 7.Ne5 O-O 8.O-O c5
9.cxd5 exd5 10.Ndc4 dxc4 11.Bxa8 cxd4 12.Nc6 Nxc6 13.Bxc6 Qc8 14.Bf3 Be5
15.Qa4 Rd8 16.Rd1 b5 17.Qa5 Bc7 18.Qe1 Bb6 19.Bd2 Bb7 20.Bxb7 Qxb7 21.Ba5 Ne4
22.Bxb6 Qxb6 23.Qf1 h5 24.Qg2 Re8 25.Qf3 g6 26.h4 b4 27.Rac1 c3 28.bxc3 dxc3
29.Rd7 Qe6 30.Rxa7 Rb8 31.Qe3 Qd5 32.Re7 Nd2 33.Qf4 Rb6 34.Qc7 Rb5 35.Re8+ Kh7
36.Qc8 Rc5 37.Rh8+ Kg7 38.Rg8+ Kf6 39.Qf8 Ne4 40.Qg7+ Kf5 41.Qh6 Qd2 42.Qxd2 Nxd2
43.Rb8 Rc4 44.f3 Ke6 45.Kf2 Kd7 46.Ke3 Kc7 47.Rxb4 Rxb4 48.Rxc3+ Nc4+ 49.Kd3 Kd6
50.Rxc4 Rb1 51.Ke3 Ra1 52.Ra4 Ke6 53.Kf4 Kf6 54.Ra6+ Kg7 55.Ra7 Re1 56.e4 Re2
57.a4 Re1 58.a5 Re2 59.e5  1-0

[Event "Norresundby op"]
[Site "Norresundby"]
[Date "1992.??.??"]
[Round "8"]
[White "Schandorff, Lars"]
[Black "Danielsen, Henrik"]
[Result "0-1"]
[WhiteElo "2435"]
[BlackElo "2390"]

1.d4 Nf6 2.c4 e6 3.Nf3 b6 4.g3 Ba6 5.Nbd2 Bb7 6.Bg2 c5 7.e4 cxd4 8.e5 Ne4
9.O-O Nxd2 10.Bxd2 Qc7 11.Nxd4 Bxg2 12.Kxg2 Qxc4 13.Rc1 Qd5+ 14.Qf3 Qxf3+
15.Kxf3 Na6 16.Nb5 f6 17.exf6 gxf6 18.Rc4 d5 19.Ra4 Nc5 20.Rxa7 Rxa7 21.Nxa7 Kd7
22.Nb5 Be7 23.Rc1 e5 24.b4 Ne6 25.a3 f5 26.Ke2 Bf6 27.Nc3 Nc7 28.a4 Ra8 29.a5 b5
30.Nd1 d4 31.f4 e4 32.Rc5 Ra6 33.Rxf5 Rc6 34.Rh5 Be7 35.Nf2 e3 36.Bxe3 dxe3
37.Nd3 Rc3 38.Kxe3 Bxb4 39.a6 Nxa6 40.Rxb5 Kc6 41.Rh5 Nc5 42.Kd4 Nxd3 43.Rxh7 Nc5
44.Ke5 Re3+ 45.Kf5 Re8 46.Kg6 Ne4 47.f5 Rg8+ 48.Rg7 Rxg7+ 49.Kxg7 Kd6 50.Kg6 Bc3
51.Kf7 Bb2 52.f6 Nxf6 53.h4 Ke5 54.Kg6 Bc1  0-1

[Event "NZD-ch"]
[Site "?"]
[Date "1992.??.??"]
[Round "5"]
[White "Stuart, Peter"]
[Black "Noble, Mark Frederick"]
[Result "0-1"]
[WhiteElo "2210"]
[BlackElo "2310"]

1.d4 Nf6 2.Nf3 e6 3.c4 b6 4.g3 Ba6 5.b3 d5 6.Bg2 dxc4 7.Ne5 Bb4+ 8.Bd2 cxb3
9.axb3 Bxd2+ 10.Qxd2 Nd5 11.O-O O-O 12.Rd1 Bb7 13.e4 Nf6 14.Nc3 Nc6 15.Nxc6 Bxc6
16.d5 exd5 17.exd5 Bb7 18.Qf4 Qd7 19.d6 Bxg2 20.Kxg2 cxd6 21.Rxd6 Qe7 22.Nd5 Nxd5
23.Rxd5 Rad8 24.Rxd8 Rxd8 25.Rc1 Qb7+ 26.Qf3 Qd7 27.Qf4 g6 28.Rc7 Qd5+ 29.Qf3 a5
30.Qxd5 Rxd5 31.Rc3 Kf8 32.Kf3 Ke7 33.h4 h5 34.Ke3 Kd6 35.Ke4 Rd1 36.Kf4 Rd5
37.Ke4 Rd2 38.Ke3 Rd1 39.Ke4 b5 40.f3 b4 41.Rc8 Rb1 42.Ra8 Rxb3 43.Rxa5 Ra3
44.Rb5 b3 45.Kd4 b2 46.Rb6+ Ke7 47.Ke4 Ra2 48.g4 Ra4+ 49.Ke3 hxg4 50.Rxb2 gxf3
51.h5 Ra3+ 52.Kf2 g5 53.h6 Ra8 54.Kxf3 Kf6 55.Rb6+ Kf5 56.h7 f6 57.Rb7 Kg6
58.Kg4 Rh8 59.Rb6 Rxh7 60.Ra6 Rh4+ 61.Kg3 Rf4 62.Ra8 Re4 63.Kf3 Kf5 64.Ra5+ Re5
65.Ra8 Rb5 66.Ra3 g4+ 67.Kg3 Kg5 68.Ra8 Rb3+ 69.Kf2 f5 70.Ra4 Rb2+ 71.Kf1 f4
72.Ra8 Kh4 73.Ra3 f3 74.Ra8 Kg3 75.Ra1 Rh2  0-1

[Event "Odorheiu Secuiesc"]
[Site "Odorheiu Secuiesc"]
[Date "1992.??.??"]
[Round "?"]
[White "Kiss, Pal"]
[Black "Pogorelov, Ruslan"]
[Result "1/2-1/2"]
[WhiteElo "2410"]
[BlackElo "2385"]

1.d4 Nf6 2.c4 e6 3.Nf3 b6 4.g3 Ba6 5.b3 d5 6.Bg2 Bb4+ 7.Bd2 Be7 8.cxd5 exd5
9.O-O Nbd7 10.Nc3 Bb7 11.Bf4 O-O 12.Rc1 c5 13.Ne5 cxd4 14.Qxd4 Bc5 15.Qa4 Nxe5
16.Bxe5 Ne4 17.Nxe4 dxe4 18.Bxe4 Bxe4 19.Qxe4 Qe7 20.Qf4 Rfe8 21.Ba1 Rad8
22.Rc2 Qe6 23.e3 Rd5 24.Bd4 Bxd4 25.exd4 h5 26.Rc7 a5 27.Rfc1 Rf5  1/2-1/2

[Event "Osuna op"]
[Site "Osuna"]
[Date "1992.??.??"]
[Round "1"]
[White "Sanchez, Fernando"]
[Black "Westerinen, Heikki MJ"]
[Result "0-1"]
[WhiteElo "2305"]
[BlackElo "2430"]

1.d4 Nf6 2.c4 e6 3.Nf3 b6 4.g3 Ba6 5.Qa4 Bb7 6.Bg2 c5 7.O-O cxd4 8.Nxd4 Bxg2
9.Kxg2 Qc7 10.Nc3 Be7 11.Bd2 O-O 12.Rac1 Rc8 13.Ncb5 Qb7+ 14.Kg1 a6 15.Na3 d6
16.Qb3 Nbd7 17.Nb1 Qe4 18.Qe3 Qg6 19.Qg5 Qe4 20.Qe3 Qg4 21.Kg2 e5 22.h3 Qxd4
23.Qxd4 exd4 24.Bb4 Ne5 25.b3 Nc6 26.Ba3 d5 27.Bxe7 Nxe7 28.cxd5 Nfxd5 29.Rfd1 Rxc1
30.Rxc1 Rc8 31.Rxc8+ Nxc8 32.Kf3 Nd6 33.Nd2 Kf8 34.e4 dxe3 35.fxe3 f6 36.e4 Nb4
37.a3 Nc2 38.a4 Ke7 39.Ke2 Nb4 40.Ke3 Ke6 41.Kd4 Nc6+ 42.Ke3 a5 43.Kd3 Kd7
44.Ke3 Ne5 45.Kd4 Kc6 46.Kc3 Kc5  0-1

[Event "Palma de Mallorca op"]
[Site "Palma de Mallorca"]
[Date "1992.??.??"]
[Round "4"]
[White "Braga, Fernando"]
[Black "Tukmakov, Vladimir B"]
[Result "1/2-1/2"]
[WhiteElo "2405"]
[BlackElo "2535"]

1.d4 Nf6 2.c4 e6 3.Nf3 b6 4.g3 Ba6 5.b3 d5 6.Bg2 dxc4 7.Ne5 Bb4+ 8.Kf1 Nfd7
9.Nxc4 c6 10.Bb2 b5 11.Ne3 O-O 12.Bf3 Nb6 13.Kg2 Nd5 14.Nc2 Be7 15.e4 Nb6
16.Qe2 Bb7 17.Rd1 N8d7 18.Ne3 Re8 19.Na3 Qb8 20.Nac2 e5 21.Kg1 Bf8 22.Bg2 a6
23.dxe5 Nxe5 24.f4 Ng6 25.Ng4 f5 26.Qf2 fxg4 27.Qxb6 c5 28.e5 Bxg2 29.Qxb8 Raxb8
30.Kxg2 c4 31.Ne3 h5 32.Bd4 Ne7 33.bxc4 Nc6 34.cxb5 Nxd4 35.Rxd4 Bc5 36.Re4 Red8
37.Rd1 Bxe3 38.Rxd8+ Rxd8 39.Rxe3 Rd2+ 40.Kf1 Rxa2 41.bxa6 Rxa6 42.e6 Kf8
43.Re5 g6 44.f5 gxf5 45.Rxf5+ Ke7 46.Rxh5 Ra1+ 47.Kf2 Kxe6  1/2-1/2

[Event "Paris-ch"]
[Site "Paris"]
[Date "1992.??.??"]
[Round "3"]
[White "Avshalumov, Alex"]
[Black "De Sousa, Jose"]
[Result "1-0"]
[WhiteElo "2480"]
[BlackElo "2395"]

1.d4 e6 2.c4 Nf6 3.Nf3 b6 4.g3 Ba6 5.Nbd2 Bb7 6.Bg2 d5 7.Ne5 Be7 8.O-O O-O
9.b3 c5 10.e3 Qc7 11.Bb2 dxc4 12.Bxb7 Qxb7 13.bxc4 Nbd7 14.Qf3 Qxf3 15.Ndxf3 Rac8
16.Rfd1 cxd4 17.exd4 Rfd8 18.Rac1 h6 19.Kf1 Nxe5 20.Nxe5 Rc7 21.Ke2 Nd7 22.Nxd7 Rcxd7
23.f4 Bf6 24.Rd3 Kf8 25.Kf3 Ke8 26.Ke4 Rc8 27.a4 Rdc7 28.Rdc3 Kd7 29.R3c2 Ke8
30.h4 h5 31.Ba3 Be7 32.Bxe7 Kxe7 33.Kd3 Kd6 34.Rb1 Rc6 35.Rb5 g6 36.a5 Kd7
37.Rc3 R8c7 38.axb6 axb6 39.Rb4 Ra7 40.Rcb3 Kc7 41.Ke4 Ra1 42.c5 f5+ 43.Ke5 bxc5
44.Rb7+ Kc8 45.Rb8+ Kd7 46.R3b7+ Rc7 47.dxc5 Ra3 48.c6+ Kxc6 49.Rb3 Rca7
50.Kf6 Ra8 51.Kxg6 Rxb8 52.Rxa3 Kd6 53.Kf7 Rb6 54.Rd3+ Kc5 55.Re3 Kd5 56.Re5+ Kd4
57.Rxe6 Rb3 58.Rg6 Ke4 59.Kg7 Rb8 60.Kh6 Rh8+ 61.Kg7  1-0

[Event "Paris-ch"]
[Site "Paris"]
[Date "1992.??.??"]
[Round "6"]
[White "Bouland, Stephane"]
[Black "Hartereau, Philippe"]
[Result "0-1"]
[WhiteElo "2255"]
[BlackElo "2300"]

1.d4 Nf6 2.Nf3 e6 3.c4 b6 4.g3 Ba6 5.Qc2 Bb7 6.Bg2 c5 7.dxc5 bxc5 8.O-O Be7
9.Rd1 O-O 10.Nc3 Qb6 11.Be3 Bc6 12.Rab1 a5 13.a3 Qa6 14.b3 Rd8 15.Bf4 d6
16.Rd2 a4 17.Qd3 axb3 18.Rxb3 Nbd7 19.Rdb2 e5 20.Nb5 Bxb5 21.cxb5 Qa5 22.Nd2 Rac8
23.b6 exf4 24.b7 Rb8 25.Qb5 Qxb5 26.Rxb5 fxg3 27.hxg3 d5 28.Nb3 Ne8 29.Na5 Nd6
30.Nc6 Nxb5 31.Nxe7+ Kf8 32.Nc6 Nc7 33.Nxd8 Rxd8 34.a4 Nb8 35.a5 Rd6 36.Rc2 Nca6
37.e4 d4 38.e5 d3 39.Rxc5 Nxc5 40.exd6 d2 41.Bf3 d1=Q+ 42.Bxd1 Nxb7 43.Bf3 Nxa5
44.Kg2 Nc4 45.Bd5 Nxd6 46.f4 Ke7 47.g4 Nd7 48.Kf3 Nf8  0-1